| 000 | 00486nam a2200181Ia 4500 | ||
|---|---|---|---|
| 003 | GCL | ||
| 008 | 140319s9999 xx 000 0 eng d | ||
| 040 |
_aGCL / _cGCL |
||
| 082 | 0 | 4 |
_a370.15 _bK L |
| 100 | 1 | _aKLEIN, STEPHEN B | |
| 245 | 1 | 0 |
_aLEARNING: PRINCIPLES AND APPLICATIONS / _cKLEIN, STEPHEN B |
| 260 |
_a[S.N] : _bMC GRAW - HILL ، _c1996 |
||
| 300 | _a621 P | ||
| 650 | 0 | 4 | _aCONDITIONED RESPONSE |
| 650 | 0 | 4 | _aLEARNING |
| 650 | 0 | 4 | _aEDUCATIONAL PSYCHOLOGY |
| 942 |
_2ddc _cBK |
||
| 999 |
_c13140 _d13140 |
||